Ekstraklasa 2017/2018 - Statystyki

Ogólne statystyki
  • Ten quiz został rozwiązany 47 razy
  • Średni wynik to 14 z 16
Statystyki odpowiedzi
Miejsce w tabeli Punkty Drużyna % Poprawnych
3 60 Lech Poznań
100%
1 70 Legia Warszawa
100%
6 55 Wisła Kraków
98%
9 50 Cracovia
95%
2 67 Jagiellonia Białystok
95%
12 43 Arka Gdynia
93%
13 39 Lechia Gdańsk
93%
4 60 Górnik Zabrze
90%
14 37 Piast Gliwice
90%
11 45 Pogoń Szczecin
90%
5 57 Wisła Płock
90%
10 50 Śląsk Wrocław
88%
15 36 Bruk-Bet Termalica Nieciecza
83%
8 49 Korona Kielce
78%
7 52 Zagłębie Lubin
76%
16 33 Sandecja Nowy Sącz
73%
Nie znaleziono quizów pasujących do podanych kryteriów
Rozkład punktacji
Procent ludzi z każdym wynikiem
Percentyl według liczby udzielonych odpowiedzi
Twoja historia wyników
Nie rozwiązałeś tego quizu